| 000 | 00814nam a22002897a 4500 | ||
|---|---|---|---|
| 001 | BR9803671 | ||
| 003 | BR-BrBNA | ||
| 005 | 20230928100036.0 | ||
| 007 | ta | ||
| 008 | 230509b bl.||||| |||| 00| 0 por d | ||
| 040 |
_aBR-BrBNA _bpor _cBiblioteca Nacional de Agricultura |
||
| 041 | _a(Por) | ||
| 072 | _aP01 | ||
| 090 | _ P01 BR9803671 | ||
| 110 | 1 |
_aMinisterio da Saude, Brasilia, DF (Brasil) _97064 |
|
| 245 | 1 | _aPlano nacional de saude e ambiente no desenvolvimento sustentavel; diretrizes para implementacao | |
| 260 | 3 |
_aBrasilia, DF (Brasil): _c1995. |
|
| 300 | _a104 p. | ||
| 500 | _aSummary (Por); 8 ref. | ||
| 650 | _aHistoria | ||
| 650 | _aLegislacao | ||
| 650 | _aPolitica Ambiental | ||
| 650 | _aSaude | ||
| 650 | _aEducacao | ||
| 909 |
_a202309 _bLucia _c55 _dLucia Elande |
||
| 942 | _cBK | ||
| 999 |
_c60027 _d60027 |
||